000 00537nam a2200181Ia 4500
003 LK-CoDNM
008 010623t2009 xxu||||| |||| 00| 1 sin d
040 _aLK-CoDNM
_dLK-CoDNM
_eLK-CoDNM
041 _asin
080 _a778.5
_bGUN
100 _aGunathilaka, Sanath
245 _aඑකොමත් එක රටෙක සිනමා තිර රචනාය
246 _aEkomath eka rateka cinema thira rachanaya
260 _bSarasavi prakashakayo
_aNugegoda
_c2009
300 _b160, 22 cm
650 _aCinema
942 _cBK
999 _c128543
_d128543